All CHL teams - Statistiques

Statistiques générales
  • Ce quiz a été pris 6 fois
  • Le résultat moyen est 16 sur 60
Statistiques - réponses
Hint WHL % Correct
QC Drummondville Voltigeurs
75%
NB Acadie-Bathurst Titan
50%
MB Brandon Wheat Kings
50%
AB Calgary Hitmen
50%
PE Charlottetown Islanders
50%
AB Edmonton Oil Kings
50%
PA Erie Otters
50%
QC Gatineau Olympiques
50%
NB Moncton Wildcats
50%
SK Moose Jaw Warriors
50%
SK Prince Albert Raiders
50%
QC Quebec Remparts
50%
SK Regina Pats
50%
QC Rimouski Océanic
50%
NB Saint John Sea Dogs
50%
QC Victoriaville Tigres
50%
WA Wenatchee Wild
50%
QC Baie-Comeau Drakkar
25%
ON Barrie Colts
25%
QC Blainville-Boisbriand Armada
25%
ON Brantford Bulldogs
25%
NS Cape Breton Eagles
25%
MI Flint Firebirds
25%
NS Halifax Mooseheads
25%
ON Kingston Frontenacs
25%
ON Kitchener Rangers
25%
AB Lethbridge Hurricanes
25%
ON London Knights
25%
AB Medecine Hat Tigers
25%
ON Niagara IceDogs
25%
ON North Bay Battalion
25%
ON Oshawa Generals
25%
ON Ottawa 67's
25%
BC Prince George Cougars
25%
AB Red Deer Rebels
25%
QC Rouyn-Noranda Huskies
25%
MI Saginaw Spirit
25%
SK Saskatoon Blades
25%
WA Seattle Thunderbirds
25%
QC Shawinigan Cataractes
25%
QC Sherbrooke Phoenix
25%
WA Spokane Chiefs
25%
ON Sudbury Wolves
25%
QC Val-D'or Foreurs
25%
BC Vancouver Giants
25%
ON Windsor Spitfires
25%
ON Brampton Steelheads
0%
QC Chicoutimis Sagunéens
0%
WA Everett Silvertips
0%
ON Guelph Storm
0%
BC Kamloops Blazers
0%
BC Kelowna Rockets
0%
ON Owend Sound Attack
0%
ON Peterborough Petes
0%
OR Portland Winterhawks
0%
ON Sarnia Stings
0%
ON Soo Greyhounds
0%
SK Swift Current Broncos
0%
WA Tri-City Americans
0%
BC Victoria Royals
0%
Aucun quiz correspondant
Distribution des résultats
% des personnes avec chaque résultat
Percentile par nombre de réponses
Votre historique - résultats
Vous n’avez pas pris ce quiz